007580000a220012100045001000030000002450054000303000051000845200341001357730045004769420008005219520090005299990017006191 aGonzález A, Juan Carlos10aíEspectadores al borde de un ataque de nervios! aVol.0, núm.22 (Julio, 2007), Páginas 14-15 a¿Qué pasa con la cartelera en Colombia? ¿Por qué el público parece condenado a ver lo que se exhibe en Hollywood y nada más? ¿Hay opciones distintas a lo que se muestra? ¿Es verdad que en las otras ciudades puede verse el mismo cine que en Bogotá? En vacaciones, la cartelera parece dejar al público con pocas opciones.0 tArcadia / Andrés Felipe Solano, Editor cANA 001040708HEMaFUSBCbFUSBCd2016-01-26l0o r2016-01-26 00:00:00w2016-01-26yANA c62270d62270